Service evangelism / (Record no. 355)

MARC details
000 -LEADER
fixed length control field 00992pam a2200289 i 4500
001 - CONTROL NUMBER
control field 2265119
003 - CONTROL NUMBER IDENTIFIER
control field GBCCL
005 - DATE AND TIME OF LATEST TRANSACTION
control field 20241126110336.0
008 - FIXED-LENGTH DATA ELEMENTS--GENERAL INFORMATION
fixed length control field 781122s1979 paua b 000 0 eng
010 ## -
-- 78026701
020 ## - INTERNATIONAL STANDARD BOOK NUMBER
International Standard Book Number 0664242529
040 ## - CATALOGING SOURCE
Original cataloging agency DLC
Transcribing agency DLC
Modifying agency DLC
050 00 -
-- BV3790
-- .A73
082 00 - DEWEY DECIMAL CLASSIFICATION NUMBER
Classification number 254.6
Item number ARM
100 1# - MAIN ENTRY--PERSONAL NAME
Personal name Armstrong, Richard Stoll,
Dates associated with a name 1924-
9 (RLIN) 427
245 10 - TITLE STATEMENT
Title Service evangelism /
Statement of responsibility, etc. by Richard Stoll Armstrong.
250 ## - EDITION STATEMENT
Edition statement 1st ed.
260 ## - PUBLICATION, DISTRIBUTION, ETC.
Place of publication, distribution, etc. Philadelphia :
Name of publisher, distributor, etc. Westminster Press,
Date of publication, distribution, etc. c1979.
300 ## - PHYSICAL DESCRIPTION
Extent 198 p. :
Other physical details ill. ;
Dimensions 21 cm.
504 ## - BIBLIOGRAPHY, ETC. NOTE
Bibliography, etc. note Bibliography: p. 197-198.
650 #0 - SUBJECT ADDED ENTRY--TOPICAL TERM
Topical term or geographic name entry element Evangelistic work.
9 (RLIN) 290
650 #0 - SUBJECT ADDED ENTRY--TOPICAL TERM
Topical term or geographic name entry element Witness bearing (Christianity)
9 (RLIN) 428
856 42 - ELECTRONIC LOCATION AND ACCESS
Materials specified Contributor biographical information
Uniform Resource Identifier <a href="http://www.loc.gov/catdir/enhancements/fy1206/78026701-b.html">http://www.loc.gov/catdir/enhancements/fy1206/78026701-b.html</a>
856 42 - ELECTRONIC LOCATION AND ACCESS
Materials specified Publisher description
Uniform Resource Identifier <a href="http://www.loc.gov/catdir/enhancements/fy1206/78026701-d.html">http://www.loc.gov/catdir/enhancements/fy1206/78026701-d.html</a>
906 ## - LOCAL DATA ELEMENT F, LDF (RLIN)
a 7
b cbc
c orignew
d 1
e ocip
f 19
g y-gencatlg
942 ## - ADDED ENTRY ELEMENTS (KOHA)
Source of classification or shelving scheme Dewey Decimal Classification
Koha item type Books
Koha issues (borrowed), all copies 5
Holdings
Withdrawn status Lost status Source of classification or shelving scheme Damaged status Not for loan Home library Current Library Shelving location Date acquired Total checkouts Full call number Barcode Date last seen Date last checked out Copy number Price effective from Koha item type
    Dewey Decimal Classification     GRACE BIBLE COLLEGE GRACE BIBLE COLLEGE Ministry & Mission 2016-10-20 5 254.6 ARM 003304 2025-05-01 2023-09-28 c.1 2016-10-20 Books
© Grace Bible College Library 2025